00480cam a22001692 4500001001100000005001700011008004100028020001700069040001500086100004600101245005100147250001400198260004300212300001700255650003500272852000300307000002528320151217155239.0150520s xx 000 0 eng d a1608311101 : aKABUcKABU1 aCarpenito-Moyet, Lynda Juall.@000018581610aNursing diagnosis /cby Lynda Juall Carpenito. a14th ed. aPhiladelphia :bWolters Kluwer,c2013. axxii, 874 p. 0aNursing diagnosis.@00001833081